000 00838nam a2200205 a 4500
005 20260112063304.0
039 _a201105110346
_bstaff
_c201105110222
_d staff
_y 201105110152
_z staff
082 _a658
100 _aDas, Sourjyo (2009PGP052)
245 _aSustainability as a Megatrend /
_cSourjyo Das, Varshik Nimmagadda
260 _aShillong:
_bRajiv Gandhi Indian Institute of Management,
_c2010.
300 _a46p.:
_bill.figure, tables;
_c29cm.
490 _aDissertation submitted in partial fulfillment of the requirements for the award of the post Graduate Diploma in Management (2009-2011)
650 _aSustainable Management
650 _aEconomic Forcasting
700 _aNimmagadda, Varshik (2009PGP065)
991 _aVIRTUA40
991 _aVTLSSORT0080*0820*1000*2450*2600*3000*4900*6500*6501*7000*9992
909 _a3891
999 _c3444
_d3444